Uso da armadilha de tipo malaise omnidirecional no monitoramento de insetos num agrossistema cacaueiro (Registro n. 9350)
[ somente texto ]
| 000 -LÍDER | |
|---|---|
| fixed length control field | 05442nab a2200337 i 4500 |
| 003 - CÓDIGO MARC DA AGÊNCIA CATALOGADORA | |
| Campo de controle | BR-BrBNA |
| 005 - DATA E HORA DA ÚLTIMA ATUALIZAÇÃO | |
| Campo de controle | 20230828151844.0 |
| 008 - CAMPO DE TAMANHO FIXO | |
| fixed length control field | 230613b2022 bl.ar|pooa||| 00| 0 por | |
| 040 ## - FONTE DA CATALOGAÇÃO | |
| Agência catalogadora | BR-BrBNA |
| Idioma da catalogação | por |
| 072 ## - CATEGORIA AGRIS | |
| Código AGRIS | H10 |
| Código do objeto | 2110 |
| 100 ## - ENTRADA PRINCIPAL - NOME PESSOAL | |
| Nome pessoal | Arnhold, Alexandre |
| 100 ## - ENTRADA PRINCIPAL - NOME PESSOAL | |
| Nome pessoal | Koch, Elmo Borges de Azevedo |
| 100 ## - ENTRADA PRINCIPAL - NOME PESSOAL | |
| Nome pessoal | Nunes, Leonardo de Oliveira |
| 100 ## - ENTRADA PRINCIPAL - NOME PESSOAL | |
| Nome pessoal | Silva, Priscila Santos |
| 100 ## - ENTRADA PRINCIPAL - NOME PESSOAL | |
| Nome pessoal | Santos-Neto, Esperidião Alves dos |
| 100 ## - ENTRADA PRINCIPAL - NOME PESSOAL | |
| Nome pessoal | Delabie, Jacques Hubert Charles |
| 100 ## - ENTRADA PRINCIPAL - NOME PESSOAL | |
| Nome pessoal | Mariano, Cléa Santos Ferreira |
| 245 ## - TÍTULO PRINCIPAL | |
| Título principal | Uso da armadilha de tipo malaise omnidirecional no monitoramento de insetos num agrossistema cacaueiro |
| 500 ## - NOTA GERAL | |
| Nota geral | Publicação on-line; Ind. Lit. EZ; Bibliography p. 196-198 (58 ref.); 1 table; 4 illus.; Summaries (En, Pt) |
| 942 ## - ADDED ENTRY ELEMENTS (KOHA) | |
| Koha item type | |
| 520 ## - NOTA DE RESUMO | |
| Nota de conteúdo | <br/><br/>O cultivo do cacaueiro (Theobroma cacao L., Malvaceae) com sombreamento natural ou artificial é conhecido por ser um<br/>dos agrossistemas que menos altera a biodiversidade local. Utilizada para amostrar e monitorar a biodiversidade, a armadilha<br/>Malaise é uma das técnicas de coleta mais utilizadas para capturar insetos voadores que tem a vantagem de ser uma técnica de<br/>coleta de baixa manutenção. A armadilha Malaise tradicional fica geralmente instalada ao nível do chão e amostra por interceptação<br/>do voo somente os insetos num único estrato. A Malaise do tipo omnidirecional (Omnidirectional flight trap) fica suspensa no<br/>sub-bosque numa altura escolhida pelo experimentador e apresenta dois estratos de interceptação, em função do comportamento<br/>de fuga apresentado pelos insetos; além disso, permite interceptar insetos que vem de todas as direções. O objetivo deste estudo<br/>foi avaliar a eficiência de amostragem da entomofauna que voa em um agroecossistema cacaueiro utilizando a armadilha do tipo<br/>Malaise omnidirecional e de comparar os dois estratos de interceptação. Para a coleta dos insetos, foram instaladas 40 dessas<br/>armadilhas na proximidade de 40 árvores de sombreamento num cacaual. Registrou-se um total de 73.699 espécimes, pertencentes<br/>a 12 ordens de insetos. As ordens mais comuns foram Diptera, Hemiptera, Coleoptera e Lepidoptera. Observou-se uma<br/>diferença significativa nos números médios de indivíduos e de ordens de insetos de acordo com o estrato de interceptação. Os<br/>resultados demonstram que armadilhas-rede passivas são versáteis e capazes de fornecer uma grande variedade de informação<br/>sobre a entomofauna em sistemas agroflorestais e demonstram a importância em discriminar os estratos na amostragem. O uso<br/>adequado dessa armadilha pode alimentar também em informações valiosas o biomonitoramento dos principais polinizadores ou<br/>insetos danosos ao cultivo do cacaueiro na Bahia.<br/><br/>Palavras-chave: Insetos alados, Theobroma cacao, armadilha de interceptação de voo, biodiversidade.<br/><br/><br/> |
| 520 ## - NOTA DE RESUMO | |
| Nota de conteúdo | Use of an omnidirectional Malaise trap to evaluate insect diversity in cocoa agroforestry. <br/><br/>The cultivation of cacao (Theobroma cacao L., Malvaceae) with natural or artificial shading is known as<br/>being one of the agrosystems that less alters local biodiversity. Used to sample and monitor biodiversity, the Malaise trap is one<br/>of the most used collection techniques for flying insects, which has the advantage to be a low-maintenance sampling technique.<br/>The traditional Malaise trap is usually placed on the ground and intercepts the insects in a single layer only. In turn the<br/>omnidirectional Malaise (Omnidirectional flight trap) type is hanged in the understory at a height chosen by the experimenter<br/>and has two interception layers, according the insects’ escape behavior; in addition, it allows catching insects flying from all<br/>directions. The aim of this study was to evaluate and compare the sampling efficiency on entomofauna using omnidirectional<br/>Malaise traps and to compare the both interception strata. For the insects’ sampling, 40 of these traps were installed near 40<br/>shading trees in a cocoa plantation. We recorded 73,655 specimens that belonged to 12 insect orders. The commonest orders<br/>were Diptera, Hemiptera, Coleoptera and Lepidoptera. We observed a significant difference in the average numbers of observed<br/>individuals and orders according to the interception stratum. Our results demonstrate that passive net traps are versatile and can<br/>provide a wide variety of information on the insect fauna in agroforestry systems and demonstrate the importance of discriminating<br/>the strata in the sampling. The proper use of this trap can also provide valuable information for the biomonitoring of the<br/>pollinators or insects harmful to cocoa cultivation in Bahia.<br/><br/>Key words: Winged insects, Theobroma cacao, flight interception trap, biodiversity. |
| 650 ## - ASSUNTO - THESAGRO | |
| Cabeçalho tópico ou nome geográfico | INSETO |
| 650 ## - ASSUNTO - THESAGRO | |
| Cabeçalho tópico ou nome geográfico | THEOBROMA CACAO |
| 650 ## - ASSUNTO - THESAGRO | |
| Cabeçalho tópico ou nome geográfico | ARMADILHA |
| 650 ## - ASSUNTO - THESAGRO | |
| Cabeçalho tópico ou nome geográfico | BIODIVERSIDADE |
| 773 0# - ENTRADA ANALÍTICA | |
| Host Biblionumber | 1823 |
| Registro do item | 25162 |
| Imprenta | Itabuna-BA Comissão Executiva do Plano de Lavoura Cacaueira 1989 |
| Outro identificador | 2023-435741 |
| Título | Agrotrópica (Brazil) |
| ISSN | 0103-3816 |
| Colação | v. 34(3) p. 189-198; (Sep-Dec 2022) |
| Número de controle de registro | BR2023000648 |
| 856 ## - ACESSO E ENDEREÇO ELETRÔNICO | |
| Identificador uniforme de recurso - URI | https://www.gov.br/agricultura/pt-br/assuntos/ceplac/publicacoes/revista-agrotropica/artigos/2022/0103-3816-2022v34n3p189-198.pdf |
| 856 ## - ACESSO E ENDEREÇO ELETRÔNICO | |
| Identificador uniforme de recurso - URI | https://www.gov.br/agricultura/pt-br/assuntos/ceplac/publicacoes/revista-agrotropica/revista-volumes/2022/REVISTAAGROTRPICA34.3setadezde2022.pdf |
Nenhum exemplar disponível.

BINAGRI